| 000 | 00347nam a2200133Ia 4500 | ||
|---|---|---|---|
| 008 | 191201s2004 xx 000 0 und d | ||
| 082 |
_a530.143 _bGAF |
||
| 100 | _aGANGADHAR, K A | ||
| 245 | 0 | _aField Theory Electromagnetic Field and Waves | |
| 260 |
_aN.Delhi _bKhanna Publisher _c2004 |
||
| 300 | _a838 | ||
| 650 | _aB.Tech(ECE) | ||
| 942 |
_2ddc _cBK |
||
| 999 |
_c2080 _d2080 |
||